Código Aeronáutico: anotaciones y concordancias. Índice temático. Títulos de artículos del cuerpo del código y de las normas del apéndice

Saved in:
Bibliografiske detaljer
Institution som forfatter: Chile
Andre forfattere: Ibáñez Bafalluy, José Luis (Director)
Format: Ukendt
Sprog:engelsk
Udgivet: Santiago, Chile Legal Publishing; Thomson Reuters, 2020
Udgivelse:Vigésima Edición.
Serier:Colección de Códigos 2020
Fag:
Tags: Tilføj Tag
Ingen Tags, Vær først til at tagge denne postø!

MARC

LEADER 00000 a2200000 4500
003 CL-VaPUC
005 20250425110445.0
008 200331b ||||| |||| 00| 0 eng d
999 |c 423159  |d 423157 
020 |a 9789564000886 
040 |c Pontificia Universidad Católica de Valparaíso 
082 0 4 |2 21  |a 343.83097 CHI 2020 
110 1 |a Chile  |9 890760 
245 1 0 |a Código Aeronáutico: anotaciones y concordancias. Índice temático. Títulos de artículos del cuerpo del código y de las normas del apéndice 
250 |a Vigésima Edición.  |b  Actualizada al 3 de enero de 2020 
260 3 |a Santiago, Chile  |b Legal Publishing;  |b Thomson Reuters,  |c 2020 
300 |a 253 páginas 
490 0 |a Colección de Códigos 2020 
505 |a -Título Preliminar. -Título I. De la infraestructura aeronáutica. -Título II. De la aeronave. -Título III. Del personal aeronáutico. -Título IV. De la circulación aérea. -Título V. De la aeronáutica no comercial. -Título VI. De la aeronáutica comercial. -Título VII. Del explotador. -Título VIII. De los contratos aeronáuticos. -Título IX. De la responsabilidad aeronáutica. -Título X. De la búsqueda, asistencia y salvamento de aeronaves. -Título XI. De la investigación de accidentes e incidentes de aviación. -Título XII. De la autoridad aeronáutica y de las infracciones a la ley y reglamentos aeronáuticos. -Título XIII. De los delitos contra la seguridad de la aviación civil. Apéndice: -Ley N.º 16.752. Fija organización y funciones y establece disposiciones generales a la Dirección General de Aeronáutica Civil. (D.O. de 17 de febrero de 1968) -Decreto Supremo N.º 148. Aprueba Reglamento del Procedimiento Infraccional Aeronáutico (DAR-51). (D.O. de 25 de noviembre de 2004) -Decreto con Fuerza de Ley N.º 241. Fusiona y reorganiza diversos servicios relacionados con la Aviación Civil. (D.O. de 6 de abril de 1960) -Decreto Ley N.º 2.564. Dicta normas sobre aviación comercial, modifica los Decretos con Fuerza de Ley números 221, de 1931, y 241, de 1960, y deroga los preceptos que señala. (D.O. de 22 de junio de 1979) -Resolución N.º 63 exenta. Declara lo que indica sobre Cabotaje Aéreo (D.O. de 21 de enero de 2012) -Decreto N.º 509 bis. Promulga Convenio de Aviación Civil Internacional (OACI). (D.O. de 6 de diciembre de 1957) -Decreto N.º 538. Aprueba Acuerdo relativo al tránsito de los Servicios Aéreos Internacionales. (D.O. de 24 de octubre de 1974) -Decreto N.º 711. Aprueba Convenio sobre las Infracciones y ciertos otros actos cometidos a bordo de las aeronaves. (D.O. de 17 de diciembre de 1974) -Decreto N.º 147. Aprueba Convenio para la represión del apoderamiento Ilícito de Aeronaves. (D.O. de 19 de abril de 1972) -Decreto N.º 736. Promulga Convenio para la represión de actos ilícitos contra la seguridad de la Aviación Civil. (D.O. de 11 de diciembre de 1975) -Decreto N.º 519. Promulga el Protocolo para la represión de actos ilícitos de violencia en los aeropuertos que presten servicios a la Aviación Civil Internacional, complementario del Convenio para la represión de actos ilícitos contra la seguridad de la Aviación Civil, de 1971. (D.O. de 9 de septiembre de 1989) -Decreto N.º 458. Convenio para la Unificación de ciertas reglas relativas al Transporte Aéreo Internacional de 12 de octubre de 1929, en Varsovia, y al Protocolo que lo modifica de 28 de septiembre de 1955, en la Haya. (D.O. de 13 de agosto de 1979) -Decreto N.º 1.383. Promulga los Protocolos Adicionales N.°s 1 y 2 al Convenio para la Unificación de ciertas reglas relativas al Transporte Aéreo Internacional, de 1929. (D.O. de 9 de diciembre de 1997) -Decreto N.º 56. Promulga el Convenio para la Unificación de ciertas Reglas para el Transporte Aéreo Internacional (D.O. de 19 de mayo de 2009) -Decreto N.º 289. Promulga Convenio relativo al Reconocimiento Internacional de Derechos sobre Aeronaves. (D.O. de 13 de junio de 1961) -Decreto N.º 369. Aprueba reglamento para el transporte aéreo de personas con discapacidad, con movilidad reducida, orgánicamente descompensadas, agónicas o inconscientes (D.O. de 26 de octubre 2018) 
583 |k Hugo Gaete  |c 20200331 
650 1 |a Aeronáutica   |x Aspectos jurídicos   |z Chile   |9 880594 
650 1 |a Aeronáutica  |x Legislación   |z Chile  |9 880595 
650 1 |a Derecho aéreo   |z Chile  |9 880596 
700 |a Ibáñez Bafalluy, José Luis  |e director  |9 861463 
942 |2 ddc  |c BK  |n 0 
952 |0 0  |1 0  |2 ddc  |4 0  |6 343_830970000000000_CHI_2020  |7 0  |8 R  |9 562148  |a BIBDER  |b BIBDER  |d 2020-03-27  |e 46  |g 0.00  |i 5574986  |o 343.83097 CHI 2020  |p 5574986  |r 2023-01-25  |t 1  |v 0.00  |w 2020-03-27  |y BK_R  |k DER